000 03345nam0a2200445 4500
001 RU\NLR\BIBL_A\016206457
005 20221228133129.0
010 _a978-5-9704-6988-0
_9700
021 _aRU
_bКН-П-22-069689
_9КН-П-22-6067
035 _a(NLR Aleph) 016206457
035 _a(RuMoRGB)011279687
090 _a12693421
_c12693421
100 _a20221114d2023 u y0rusy50 ca
101 0 _arus
102 _aRU
105 _aa j 000zy
181 0 _ai3
_baxxe
182 0 _an
200 1 _aДетская стоматология
_eруководство к практическим занятиям
_eучебное пособие
_eдля студентов учреждений высшего профессионального образования, обучающихся по специальностям 31.05.03 "Стоматология" и 32.05.01 "Медико-профилактическое дело" по дисциплине "Стоматология детского возраста"
_fпроф. Лариса Петровна Кисельникова, доц. Светлана Юрьевна Страхова, доц. Татьяна Евгеньевна Зуева [и др.]
_gпод редакцией Л. П. Кисельниковой, С. Ю. Страховой
_gМинистерство науки и высшего образования РФ
203 _aТекст
_bвизуальный
_cнепосредственный
205 _a2-е изд., перераб.
210 _aМосква
_cГЭОТАР-Медиа
_d2023 [т. е. 2022]
215 _a349 с.
_cтабл.
_d22
225 1 _aУчебное пособие
225 1 _a"Золотая серия" мировых медицинских бестселлеров
300 _aАвт. указаны на обороте тит. с.
300 _aКн. фактически изд. в 2022 г.
330 _aУчебное пособие содержит основную информацию по дисциплине "Детская стоматология". В каждом разделе представлены вопросы и ситуационные задачи, которые помогут студентам подготовиться к экзамену по детской стоматологии и итоговой государственной аттестации. Предназначено студентам 4-го и 5-го курсов стоматологических факультетов медицинских вузов
606 1 _aСтоматология детская
_jУчебные издания для высших учебных заведений
_92287110
_3RU\NLR\AUTH\6601597733
675 _a616.31-053.2(075.8)
_v4
686 1 _aР733.66я73
701 1 _aКисельникова
_bЛ. П.
_gЛариса Петровна
701 1 _aСтрахова
_bС. Ю.
_gСветлана Юрьевна
701 1 _aЗуева
_bТ. Е.
_gТатьяна Евгеньевна
712 0 1 _4570
_aРоссийская Федерация
_bМинистерство науки и высшего образования
_9621458
_3RU\NLR\AUTH\880480400
942 _cBOOK
980 _aNB